| 000 | 00472nam a2200169 i 4500 | ||
|---|---|---|---|
| 001 | 30485 | ||
| 003 | ES-MaACL | ||
| 005 | 20230906154213.0 | ||
| 007 | t| | ||
| 008 | 030124s1886 fr ||||1| fre d | ||
| 100 | 1 |
_aBarthelemy Saint-Hilaire, Jules. _926123 |
|
| 245 | 1 | 3 |
_aLe Bouddha et su religion / _cJules Barthelemy Saint-Hilaire. |
| 250 | _a3eme ed. | ||
| 260 |
_aParĂs : _bDidier et Cie, _c1886. |
||
| 300 |
_aLII, 445 p. ; _c18 cm. |
||
| 852 |
_aES-MaACL _jG-9242 |
||
| 999 |
_c30485 _d30485 |
||